000 00443 a2200157 4500
005 20250620094102.0
020 _a978-0-07-340333-5
082 _a658.5JAC
100 _aJacobs. Robert.F
245 _aOperations And Supply Management,; The core
250 _a2nd Ed
260 _aNew york,
_bMc Graw Hill,
_c2004.
300 _axxxii, 482p Ill, picture, table, figure
_bappendix, Index
_c26cm
700 _aChase. Richard. B
942 _2ddc
_cBKS
999 _c4500
_d4500